Online jazyková hra /

Gespeichert in:
Bibliographische Detailangaben
1. Verfasser: Pažitnaj, Adam, 1986- (Verfasst von)
Weitere Verfasser: Kuzár, Tomáš, 1984- (Betreuung Doktorarbeit)
Format: Manuskript Buch
Sprache:Slowakisch
Veröffentlicht: Bratislava STU v Bratislave FIIT 2009
Schlagworte:
Tags: Tag hinzufügen
Keine Tags, Fügen Sie das erste Tag hinzu!

MARC

LEADER 00000ntm a22000003a 4500
001 0031083
003 SK-STU
005 20180212110357.3
007 ta
008 180212s2018----xo-----f-mn---000-0-slo-d
040 |a STU  |b slo 
041 0 |a slo  |b eng 
044 |a xo  |c SK 
100 1 |a Pažitnaj, Adam,  |d 1986-  |4 aut  |X 36678  |7 A000036678 
245 1 0 |a Online jazyková hra /  |c aut. Adam Pažitnaj ; škol. Tomáš Kuzár 
260 |c 2009  |a Bratislava  |b STU v Bratislave FIIT 
300 |a 37 s  |e obsahuje CD 
530 |a stu_us_auth*0050648 
650 0 7 |a hra s účelom 
700 1 |a Kuzár, Tomáš,  |d 1984-  |4 ths  |X 30457  |7 30457 
996 |b 11602  |c I* BAP153/09  |l II680  |s P  |a 0  |w 0031083_0001